| 000 | 00665nam a2200217Ia 4500 | ||
|---|---|---|---|
| 003 | OSt | ||
| 005 | 20240930100825.0 | ||
| 008 | 210716s2005 xx 000 0 und d | ||
| 020 | _a9780070600881 | ||
| 040 | _cAIMIT LIBRARY | ||
| 041 | _aeng | ||
| 082 |
_a382 _25 _bHILC |
||
| 100 |
_aHill, Charles W L. _9180739 |
||
| 245 |
_aInternational business: competing in the global marketplace. _bCompeting in the global marketplace. |
||
| 250 | _a5 | ||
| 260 |
_aNew Delhi _bTata McGraw Hill Publishing Company Ltd _c2005 |
||
| 300 | _axviii,624 | ||
| 650 |
_aInternational Business _9180740 |
||
| 700 |
_aJain, Arun K. _9180741 |
||
| 942 |
_2ddc _cBK _e5th _k382 HILC |
||
| 999 |
_c202090 _d202090 |
||